| 000 | 00916nam a2200313 a 4500 | ||
|---|---|---|---|
| 001 | 68044 | ||
| 003 | BD-RjUL | ||
| 005 | 20211209081726.0 | ||
| 008 | 170330s1979 enk b 001 0 eng | ||
| 020 | _a0471997412 | ||
| 035 | _a(BD-RjUL)68253 | ||
| 035 | _aGLIS00076200 | ||
| 040 |
_aDLC _cDLC _dMYG _beng |
||
| 041 | 1 |
_aeng _hger |
|
| 082 |
_223 _a519.6 _bKRO 1979 |
||
| 099 | _aQA402.5.K713 | ||
| 100 | 1 |
_aKrabs, Werner, _d1934- _9201694 |
|
| 245 | 1 | 0 |
_aOptimization and approximation / _cW. Krabs. |
| 260 |
_aNew York : _bWiley, _cc1979. |
||
| 300 |
_axii, 220 p. ; _c24 cm. |
||
| 500 | _a"A Wiley-Interscience publication." | ||
| 500 | _aTranslation of Optimierung und Approximation. | ||
| 500 | _aIncludes index. | ||
| 504 | _aBibliography: p. [209]-215. | ||
| 650 | 0 |
_aMathematical optimization. _9131906 |
|
| 650 | 0 |
_aApproximation theory. _9153079 |
|
| 942 |
_2ddc _cBK |
||
| 999 |
_c68044 _d68044 |
||